000 00265nam a2200109Ia 4500
008 201217s9999 xx 000 0 und d
100 _aPeppers, Larry C.
245 0 _aManagerial Economics
260 _aEngle4wood Cliffs
_bPrentice Hall
300 _a679
942 _cBK
999 _c7873
_d7873